Music Quiz

Random Music or Song Quiz
Score 0/20 Timer 08:00
0 Plays Today
Artist Song % Correct
Flo Rida ft. T-PainLow
87.2%
Lady GagaPoker Face
84.8%
Katy PerryI Kissed a Girl
83.9%
Lady GagaJust Dance
81.8%
Leona LewisBleeding Love
81.3%
Black Eyed PeasBoom Boom Pow
80.1%
ColdplayViva la Vida
76.5%
BeyonceSingle Ladies (Put a Ring On It)
73.8%
Black Eyed PeasI Gotta Feeling
66.1%
Lil WayneLollipop
65.5%
Artist Song % Correct
PinkSo What
65.2%
TI ft. RihannaLive Your Life
64.6%
RihannaDisturbia
61.9%
Usher ft. Young JeezyLove in this Club
57.4%
Flo RidaRight Round
56.3%
Kelly ClarksonMy Life Would Suck Without You
54.2%
TIWhatever You Like
53%
Eminem, Dr. Dre, 50 CentCrack A Bottle
44.3%
RihannaTake a Bow
42.6%
Mariah CareyTouch My Body
34.2%

You're not logged in!

Compare scores with friends on all Sporcle quizzes.
OR
Log In

Sporcle TV

Today on Sporcle TV


Watch our educational content, quiz creation guides, and fun videos on Sporcle TV.

Show Comments

Extras

Top Quizzes Today


Score Distribution

Paid Content

Your Account Isn't Verified!

In order to create a playlist on Sporcle, you need to verify the email address you used during registration. Go to your Sporcle Settings to finish the process.

Report this User

Report this user for behavior that violates our Community Guidelines.

Details: